Music Quiz

Random Music or Song Quiz

Jon Foreman's EPs Quiz Stats

Quiz not verified by Sporcle

Challenge
Share
Tweet
Embed
Score 0/24 Timer 05:00
0 Plays Today
EP % Correct
SpringYour Love Is Strong
92.3%
FallSouthbound Train
90.8%
FallThe Cure for Pain
89.2%
SpringMarch (A Prelude to Spring)
89.2%
WinterSomebody's Baby
84.6%
WinterLearning How to Die
83.1%
SpringRevenge
80%
SummerHouse of God, Forever
80%
WinterBehind Your Eyes
76.9%
WinterWhite As Snow
73.8%
WinterIn Love
73.8%
SummerA Mirror Is Harder to Hold
73.8%
EP % Correct
SpringLove Isn't Made
72.3%
FallThe Moon Is a Magnet
70.8%
FallMy Love Goes Free
70.8%
FallEqually Skilled
69.2%
SummerResurrect Me
69.2%
SummerDeep In Your Eyes (There Is a River)
66.2%
SummerAgain
66.2%
SpringIn My Arms
64.6%
SpringBaptize My Mind
61.5%
SummerInstead of a Show
61.5%
FallLord, Save Me From Myself
60%
WinterI Am Still Running
55.4%

You're not logged in!

Compare scores with friends on all Sporcle quizzes.
Sign Up with Email
OR
Log In

You Might Also Like...

Show Comments

Extras

Top Quizzes Today


Score Distribution

Your Account Isn't Verified!

In order to create a playlist on Sporcle, you need to verify the email address you used during registration. Go to your Sporcle Settings to finish the process.